[Event "Int. Meisterturnier Sindelfingen 1984"]
[Site "Sindelfingen"]
[Date "1984.10.29"]
[Round "9"]
[White "Duche, Jean"]
[Black "Bauer, Peter"]
[Result "0-1"]
[WhiteElo "2200"]
[BlackElo "2200"]
[PlyCount "42"]
[EventDate "1984.??.??"]
[EventType "tourn"]

1. c4 Nf6 2. Nf3 g6 3. g3 Bg7 4. Bg2 O-O 5. O-O d6 6. Nc3 c5 7. d4 Nc6 8. d5
Na5 9. Nd2 e5 10. e4 Ng4 11. Qe2 f5 12. f3 Nh6 13. Rb1 b6 14. Bh3 Kh8 15. Bg2
f4 16. g4 Nf7 17. Rf2 Bf6 18. Bf1 Bh4 19. Rg2 Ng5 20. Kh1 h5 21. Nd1 hxg4 0-1

[Event "Int. Meisterturnier Sindelfingen 1984"]
[Site "Sindelfingen"]
[Date "1984.10.29"]
[Round "9"]
[White "Weill, Roland"]
[Black "Sieglen, Joachim"]
[Result "1/2-1/2"]
[WhiteElo "2245"]
[BlackElo "2260"]
[PlyCount "26"]
[EventDate "1984.??.??"]
[EventType "tourn"]

1. g3 d5 2. Bg2 Nf6 3. c4 c6 4. Nf3 Bf5 5. O-O e6 6. cxd5 cxd5 7. d3 Nc6 8. Qb3
Qd7 9. Bf4 Be7 10. Nbd2 O-O 11. Ne5 Nxe5 12. Bxe5 Rfc8 13. Nf3 h6 1/2-1/2

[Event "Int. Meisterturnier Sindelfingen 1984"]
[Site "Sindelfingen"]
[Date "1984.10.30"]
[Round "10"]
[White "Cladouras, Panagiotis"]
[Black "Sieglen, Joachim"]
[Result "1/2-1/2"]
[WhiteElo "2295"]
[BlackElo "2260"]
[PlyCount "106"]
[EventDate "1984.??.??"]
[EventType "tourn"]

1. e4 Nf6 2. e5 Nd5 3. d4 d6 4. Nf3 Nc6 5. c4 Nb6 6. exd6 exd6 7. Be2 Be7 8.
O-O O-O 9. Nc3 Bg4 10. b3 Bf6 11. Be3 d5 12. c5 Nc8 13. h3 Be6 14. Qd2 h6 15.
Nh2 N8e7 16. g4 Bh4 17. Bd3 Ng6 18. Ne2 f5 19. Kh1 Qd7 20. Rg1 f4 21. Bxg6 fxe3
22. fxe3 Rf2 23. Raf1 Raf8 24. Rxf2 Rxf2 25. Rg2 Rf6 26. Nf4 Bg5 27. Bc2 Qf7
28. Nh5 Rf3 29. Nxf3 Qxf3 30. Kh2 Bxe3 31. Qd3 Bf4+ 32. Nxf4 Qxf4+ 33. Qg3 Qxd4
34. Qxc7 Qxc5 35. Qxb7 Qd6+ 36. Kg1 Kh8 37. g5 Qc5+ 38. Kh1 Qc3 39. Qa8+ Bg8
40. Qf8 Qe1+ 41. Kh2 Qe5+ 42. Kg1 Nd4 43. gxh6 Qe3+ 44. Kh2 Qxh6 45. Qf2 Nxc2
46. Qxc2 Qf4+ 47. Kg1 Be6 48. Qd2 Qe5 49. Qg5 Bf5 50. h4 Qa1+ 51. Kh2 Be4 52.
Rd2 Qh1+ 53. Kg3 Qf3+ 1/2-1/2

[Event "Int. Meisterturnier Sindelfingen 1984"]
[Site "Sindelfingen"]
[Date "1984.10.30"]
[Round "10"]
[White "Bauer, Peter"]
[Black "Weill, Roland"]
[Result "1-0"]
[WhiteElo "2200"]
[BlackElo "2245"]
[PlyCount "69"]
[EventDate "1984.??.??"]
[EventType "tourn"]

1. e4 e5 2. Nf3 Nc6 3. Bb5 a6 4. Ba4 d6 5. c3 Bd7 6. d4 Nf6 7. O-O Be7 8. Re1
O-O 9. a3 b5 10. Bc2 Re8 11. h3 h6 12. Nbd2 Bf8 13. Nf1 g6 14. Ng3 Bg7 15. Be3
Na5 16. b3 Kh7 17. Qd2 c6 18. Rad1 Bf8 19. Rf1 Qc7 20. Nh4 Be6 21. Rb1 d5 22.
f4 exd4 23. Bxd4 Nxe4 24. Bxe4 dxe4 25. Nxe4 Be7 26. f5 Bxh4 27. fxe6 Rxe6 28.
Qf4 Qxf4 29. Rxf4 g5 30. Rxf7+ Kg6 31. Rg7+ Kf5 32. Nc5 Re1+ 33. Rxe1 Bxe1 34.
g4+ Kf4 35. Kg2 1-0

[Event "Int. Meisterturnier Sindelfingen 1984"]
[Site "Sindelfingen"]
[Date "1984.10.30"]
[Round "10"]
[White "Bischoff, Klaus"]
[Black "Duche, Jean"]
[Result "1-0"]
[WhiteElo "2415"]
[BlackElo "2200"]
[PlyCount "96"]
[EventDate "1984.??.??"]
[EventType "tourn"]

1. e4 g6 2. d4 Bg7 3. Nc3 d6 4. Nf3 Nf6 5. h3 O-O 6. Be3 c6 7. a4 Nbd7 8. Qb1
e5 9. dxe5 dxe5 10. Bc4 Qe7 11. Qa2 Ne8 12. O-O Nc7 13. Rfd1 Nb6 14. Bb3 Be6
15. a5 Nd7 16. Qa3 Rfe8 17. Ng5 Bf8 18. Qxe7 Rxe7 19. Ra3 Nf6 20. Bxe6 Nxe6 21.
Nxe6 fxe6 22. Rb3 Rc7 23. f3 Kf7 24. Na4 Nd7 25. Rbd3 Ke8 26. Nb6 Nxb6 27. axb6
axb6 28. Bxb6 Rf7 29. Kf1 c5 30. Ke2 Rc8 31. Rd8+ Rxd8 32. Rxd8+ Ke7 33. Rc8
Kd7 34. Rc7+ Ke8 35. Rxf7 Kxf7 36. Kd3 Ke8 37. Kc4 Kd7 38. Bxc5 Bh6 39. Kb5 Kc7
40. Bb6+ Kd7 41. Ba5 Be3 42. Bc3 Kd6 43. b3 Bf2 44. Bb2 Be3 45. c4 Bd4 46. c5+
Kc7 47. Bxd4 exd4 48. Kc4 e5 1-0

[Event "Int. Meisterturnier Sindelfingen 1984"]
[Site "Sindelfingen"]
[Date "1984.10.30"]
[Round "10"]
[White "Berg, Klaus"]
[Black "Schulz, Klaus Juergen"]
[Result "1/2-1/2"]
[WhiteElo "2375"]
[BlackElo "2365"]
[PlyCount "69"]
[EventDate "1984.??.??"]
[EventType "tourn"]

1. Nf3 c5 2. e3 g6 3. d4 Bg7 4. Be2 Nf6 5. O-O O-O 6. c4 cxd4 7. exd4 d5 8. Nc3
dxc4 9. Bxc4 Nbd7 10. Re1 Nb6 11. Bb3 Nbd5 12. Bg5 Be6 13. Qd2 a6 14. Rac1 Qd6
15. Bxf6 exf6 16. Nxd5 Bxd5 17. Bxd5 Qxd5 18. b3 Rfd8 19. Qf4 Rac8 20. h3 h5
21. Rxc8 Rxc8 22. Rc1 Rxc1+ 23. Qxc1 Bf8 24. Kf1 Kg7 25. Qc4 Qf5 26. Ne1 Qf4
27. a4 Qd2 28. Qd3 Qc1 29. Ke2 Qb2+ 30. Nc2 Bb4 31. d5 Bd6 32. Kf3 Qb1 33. Ke2
Qb2 34. Kf3 Qb1 35. Ke2 1/2-1/2

[Event "Int. Meisterturnier Sindelfingen 1984"]
[Site "Sindelfingen"]
[Date "1984.10.30"]
[Round "10"]
[White "Pachman, Ludek"]
[Black "Gutman, Lev"]
[Result "1-0"]
[WhiteElo "2430"]
[BlackElo "2485"]
[PlyCount "89"]
[EventDate "1984.??.??"]
[EventType "tourn"]

1. Nf3 Nf6 2. c4 g6 3. Nc3 d5 4. cxd5 Nxd5 5. Qa4+ Bd7 6. Qc2 Nb4 7. Qd1 c5 8.
a3 N4c6 9. g3 Nd4 10. Bg2 Nxf3+ 11. Bxf3 Bc6 12. Bxc6+ Nxc6 13. d3 Bg7 14. Be3
b6 15. Qa4 Qd7 16. Rc1 Rc8 17. O-O h5 18. Qe4 h4 19. g4 f5 20. gxf5 gxf5 21.
Qg2 Kf7 22. Qh3 Rcg8 23. Kh1 Bxc3 24. bxc3 Qd5+ 25. f3 Qe6 26. Bf2 Ne5 27. Rg1
Ng6 28. Rg5 Kf6 29. Be3 Ne5 30. Rxg8 Qxg8 31. Rg1 Qh7 32. Bf4 Nf7 33. d4 e6 34.
dxc5 bxc5 35. Be3 e5 36. Bxc5 Ng5 37. Qg2 Ne6 38. Qf2 a6 39. Bd6 Qd7 40. Rd1
Qa4 41. Rd5 Rg8 42. Bxe5+ Kg6 43. Rd6 Kh5 44. Qa7 Kg5 45. Bg7 1-0

[Event "Int. Meisterturnier Sindelfingen 1984"]
[Site "Sindelfingen"]
[Date "1984.10.30"]
[Round "10"]
[White "Rocher, Olivier"]
[Black "Chevaldonnet, Francois"]
[Result "1/2-1/2"]
[WhiteElo "2260"]
[BlackElo "2350"]
[PlyCount "76"]
[EventDate "1984.??.??"]
[EventType "tourn"]

1. d4 Nf6 2. c4 g6 3. Nc3 Bg7 4. e4 d6 5. f3 O-O 6. Be3 b6 7. Bd3 a6 8. Nge2 c5
9. e5 Ne8 10. Be4 Ra7 11. dxc5 bxc5 12. Bxc5 Rd7 13. Be3 Bb7 14. Bxb7 Rxb7 15.
b3 Bxe5 16. O-O Nc6 17. Qd2 Ng7 18. Nd4 Qc8 19. Nxc6 Qxc6 20. Bd4 Bxd4+ 21.
Qxd4 Rc8 22. Rfd1 Qc5 23. Qxc5 Rxc5 24. Na4 Rc8 25. Rd5 Ne6 26. Rad1 Kf8 27.
Kf2 Rc6 28. h4 Nc7 29. R5d4 Ne6 30. Rd5 Rd7 31. R1d2 Nc7 32. R5d3 e6 33. Nc3
Ke7 34. Re2 Rc5 35. g4 h6 36. f4 f5 37. g5 h5 38. Nd5+ Kf7 1/2-1/2

[Event "Int. Meisterturnier Sindelfingen 1984"]
[Site "Sindelfingen"]
[Date "1984.10.30"]
[Round "10"]
[White "Lau, Ralf"]
[Black "Ostermeyer, Peter"]
[Result "1/2-1/2"]
[WhiteElo "2400"]
[BlackElo "2470"]
[PlyCount "42"]
[EventDate "1984.??.??"]
[EventType "tourn"]

1. e4 c5 2. Nf3 d6 3. d4 Nf6 4. Nc3 cxd4 5. Nxd4 a6 6. Bc4 e6 7. Bb3 b5 8. O-O
Be7 9. Qf3 Qb6 10. Be3 Qb7 11. Qg3 O-O 12. Bh6 Ne8 13. Rfe1 Kh8 14. Bg5 Bxg5
15. Qxg5 Ra7 16. Rad1 Nc6 17. Nxc6 Qxc6 18. a4 b4 19. Na2 a5 20. c3 bxc3 21.
Nxc3 Ba6 1/2-1/2

[Event "Int. Meisterturnier Sindelfingen 1984"]
[Site "Sindelfingen"]
[Date "1984.10.31"]
[Round "11"]
[White "Ostermeyer, Peter"]
[Black "Cladouras, Panagiotis"]
[Result "0-1"]
[WhiteElo "2470"]
[BlackElo "2295"]
[PlyCount "94"]
[EventDate "1984.??.??"]
[EventType "tourn"]

1. d4 Nf6 2. c4 e6 3. Nf3 Bb4+ 4. Bd2 a5 5. g3 d5 6. a3 Be7 7. cxd5 exd5 8. Nc3
Ne4 9. Bg2 Nxc3 10. bxc3 O-O 11. Qc2 Be6 12. O-O Nd7 13. a4 Nb6 14. Ne5 f6 15.
Nd3 Nc4 16. Bc1 Bd6 17. e4 c6 18. Re1 Qd7 19. Bf4 Rae8 20. Bxd6 Qxd6 21. Nf4
Bf7 22. exd5 cxd5 23. h4 Qc6 24. h5 Rxe1+ 25. Rxe1 b5 26. Re7 Rd8 27. axb5 Qxb5
28. Ra7 Qe8 29. Kh2 Rd7 30. Ra6 Rd6 31. Rxd6 Nxd6 32. Nxd5 Qb5 33. Qa2 a4 34.
Qa3 Nc4 35. Qe7 a3 36. h6 Qe8 37. Qa7 Kh8 38. hxg7+ Kxg7 39. Qa6 Bxd5 40. Qa7+
Bf7 41. Bd5 Kg8 42. Bxf7+ Qxf7 43. Qa8+ Kg7 44. d5 Qh5+ 45. Kg2 Qe2 46. Qa7+
Kg6 47. d6 Nd2 0-1

[Event "Int. Meisterturnier Sindelfingen 1984"]
[Site "Sindelfingen"]
[Date "1984.10.31"]
[Round "11"]
[White "Chevaldonnet, Francois"]
[Black "Lau, Ralf"]
[Result "0-1"]
[WhiteElo "2350"]
[BlackElo "2400"]
[PlyCount "119"]
[EventDate "1984.??.??"]
[EventType "tourn"]

1. e4 c5 2. Nf3 e6 3. d4 cxd4 4. Nxd4 Nc6 5. Nc3 d6 6. g3 Nf6 7. Bg2 Bd7 8. O-O
Be7 9. Re1 O-O 10. h3 Nxd4 11. Qxd4 Bc6 12. Be3 Qb8 13. Qd2 Rd8 14. Rad1 Qc7
15. Qe2 a6 16. Bf4 b5 17. Nd5 Bxd5 18. exd5 e5 19. Be3 Rdc8 20. Rd2 Qc4 21.
Qxc4 Rxc4 22. c3 Rc7 23. Bf1 Ne4 24. Rc2 Rb8 25. a4 bxa4 26. Ba7 Rxa7 27. Rxe4
a3 28. b4 a5 29. b5 Bd8 30. Ra4 Bb6 31. Rxa3 f5 32. Ra4 Rc8 33. Kg2 Kf7 34. Be2
Kf6 35. f3 Rac7 36. c4 Re8 37. Rca2 Ra7 38. Rc2 e4 39. f4 g5 40. fxg5+ Kxg5 41.
Rc1 Kf6 42. Rf1 Ke5 43. Rf4 Rg8 44. Rh4 Rag7 45. g4 f4 46. Rh5+ Rg5 47. Rxh7
f3+ 48. Bxf3 exf3+ 49. Kxf3 R8g7 50. Rxg7 Rxg7 51. Ra1 Kd4 52. h4 Kc3 53. c5
dxc5 54. h5 Kb2 55. Rh1 c4 56. h6 Rg8 57. h7 Rh8 58. Ke4 c3 59. g5 Re8+ 60. Kf5
0-1

[Event "Int. Meisterturnier Sindelfingen 1984"]
[Site "Sindelfingen"]
[Date "1984.10.31"]
[Round "11"]
[White "Gutman, Lev"]
[Black "Rocher, Olivier"]
[Result "1-0"]
[WhiteElo "2485"]
[BlackElo "2260"]
[PlyCount "55"]
[EventDate "1984.??.??"]
[EventType "tourn"]

1. Nf3 Nf6 2. g3 g6 3. b3 Bg7 4. Bb2 O-O 5. Bg2 d5 6. c4 c6 7. O-O a5 8. d3 Bg4
9. cxd5 cxd5 10. Nc3 Nc6 11. Rc1 Qb6 12. Na4 Qd8 13. Ne5 Rc8 14. Nxg4 Nxg4 15.
Bxg7 Kxg7 16. Bh3 h5 17. e3 Nb4 18. Rxc8 Qxc8 19. a3 Nc2 20. Qd2 Qc6 21. Rc1
Rc8 22. d4 e6 23. Nc5 Nxa3 24. f3 b6 25. Nd3 Qxc1+ 26. Nxc1 Nxh2 27. Bg2 Rc2
28. Qe1 1-0

[Event "Int. Meisterturnier Sindelfingen 1984"]
[Site "Sindelfingen"]
[Date "1984.10.31"]
[Round "11"]
[White "Schulz, Klaus Juergen"]
[Black "Pachman, Ludek"]
[Result "1/2-1/2"]
[WhiteElo "2365"]
[BlackElo "2430"]
[PlyCount "24"]
[EventDate "1984.??.??"]
[EventType "tourn"]

1. c4 Nf6 2. Nc3 e6 3. e4 d5 4. e5 d4 5. exf6 dxc3 6. bxc3 Qxf6 7. d4 e5 8. Qe2
Be7 9. dxe5 Qg6 10. Qe3 Nc6 11. Ne2 Qe6 12. Nd4 Qxe5 1/2-1/2

[Event "Int. Meisterturnier Sindelfingen 1984"]
[Site "Sindelfingen"]
[Date "1984.10.31"]
[Round "11"]
[White "Duche, Jean"]
[Black "Berg, Klaus"]
[Result "0-1"]
[WhiteElo "2200"]
[BlackElo "2375"]
[PlyCount "34"]
[EventDate "1984.??.??"]
[EventType "tourn"]

1. c4 e5 2. Nc3 Bb4 3. g3 Bxc3 4. dxc3 d6 5. Bg2 f5 6. c5 dxc5 7. Qb3 c6 8. Be3
Qe7 9. Qc4 Nd7 10. a4 Ngf6 11. Nf3 e4 12. Nd2 Nd5 13. O-O Nxe3 14. fxe3 Ne5 15.
Qa2 Be6 16. Qa3 Rd8 17. Nb3 b6 0-1

[Event "Int. Meisterturnier Sindelfingen 1984"]
[Site "Sindelfingen"]
[Date "1984.10.31"]
[Round "11"]
[White "Weill, Roland"]
[Black "Bischoff, Klaus"]
[Result "1/2-1/2"]
[WhiteElo "2245"]
[BlackElo "2415"]
[PlyCount "30"]
[EventDate "1984.??.??"]
[EventType "tourn"]

1. d4 Nf6 2. Nf3 e6 3. Bg5 h6 4. Bxf6 Qxf6 5. e4 d6 6. Nc3 Nd7 7. Qd2 a6 8.
O-O-O g6 9. e5 Qe7 10. exd6 cxd6 11. Nd5 Qd8 12. Nf4 Nf6 13. h4 Bg7 14. Bd3 Qc7
15. g4 Nxg4 1/2-1/2

[Event "Int. Meisterturnier Sindelfingen 1984"]
[Site "Sindelfingen"]
[Date "1984.10.31"]
[Round "11"]
[White "Sieglen, Joachim"]
[Black "Bauer, Peter"]
[Result "1-0"]
[WhiteElo "2260"]
[BlackElo "2200"]
[PlyCount "85"]
[EventDate "1984.??.??"]
[EventType "tourn"]

1. d4 Nf6 2. c4 e6 3. Nc3 Bb4 4. e3 c5 5. Bd3 Bxc3+ 6. bxc3 d6 7. Ne2 Nc6 8. e4
e5 9. O-O Bg4 10. f3 Bh5 11. Be3 Nd7 12. Rb1 Qc7 13. g4 Bg6 14. f4 f6 15. d5
Na5 16. f5 Bf7 17. Ng3 h6 18. Qa4 Ke7 19. Rb5 b6 20. Rb2 Rab8 21. h4 a6 22.
Rff2 Be8 23. g5 hxg5 24. hxg5 Bh5 25. Rh2 Bg4 26. Qc2 Rbg8 27. Qg2 Qd8 28. Nf1
Rxh2 29. Nxh2 Bh5 30. Qg3 Rh8 31. Rg2 Qf8 32. Qe1 Kd8 33. g6 Kc7 34. Rg3 Qb8
35. Rh3 b5 36. cxb5 axb5 37. Qb1 c4 38. Bf1 Nc5 39. Qb4 Kb6 40. a4 Qe8 41.
Bxc5+ dxc5 42. Qxb5+ Qxb5 43. axb5 1-0

[Event "Int. Meisterturnier Sindelfingen 1984"]
[Site "Sindelfingen"]
[Date "1984.11.01"]
[Round "12"]
[White "Cladouras, Panagiotis"]
[Black "Bauer, Peter"]
[Result "1/2-1/2"]
[WhiteElo "2295"]
[BlackElo "2200"]
[PlyCount "34"]
[EventDate "1984.??.??"]
[EventType "tourn"]

1. e4 c5 2. Nf3 d6 3. d4 cxd4 4. Nxd4 Nf6 5. Nc3 g6 6. Be2 Bg7 7. O-O Nc6 8.
Nb3 O-O 9. f4 Qb6+ 10. Kh1 a5 11. a4 Be6 12. Nd5 Bxd5 13. exd5 Nb4 14. Bf3 Qa6
15. Be2 Qb6 16. Bf3 Qa6 17. Be2 Qb6 1/2-1/2

[Event "Int. Meisterturnier Sindelfingen 1984"]
[Site "Sindelfingen"]
[Date "1984.11.01"]
[Round "12"]
[White "Bischoff, Klaus"]
[Black "Sieglen, Joachim"]
[Result "1/2-1/2"]
[WhiteElo "2415"]
[BlackElo "2260"]
[PlyCount "28"]
[EventDate "1984.??.??"]
[EventType "tourn"]

1. Nf3 Nf6 2. d4 d5 3. c4 dxc4 4. e3 e6 5. Bxc4 c5 6. O-O a6 7. a4 Nc6 8. Qe2
cxd4 9. Rd1 Be7 10. exd4 O-O 11. Nc3 Nb4 12. Bg5 Bd7 13. Ne5 Rc8 14. Rac1 Nfd5
1/2-1/2

[Event "Int. Meisterturnier Sindelfingen 1984"]
[Site "Sindelfingen"]
[Date "1984.11.01"]
[Round "12"]
[White "Berg, Klaus"]
[Black "Weill, Roland"]
[Result "1-0"]
[WhiteElo "2375"]
[BlackElo "2245"]
[PlyCount "81"]
[EventDate "1984.??.??"]
[EventType "tourn"]

1. Nf3 Nf6 2. c4 e6 3. g3 b6 4. Bg2 Bb7 5. d4 Be7 6. Nc3 O-O 7. O-O Ne4 8. Bd2
d5 9. cxd5 exd5 10. Rc1 Nd7 11. Bf4 c5 12. Qc2 Rc8 13. Rfd1 g5 14. Be3 f5 15.
dxc5 Ndxc5 16. Bd4 Ne6 17. Be5 Bc5 18. e3 Qe8 19. Qe2 Rd8 20. Nd4 g4 21. Bxe4
Bxd4 22. Bxd4 dxe4 23. Qc4 Qf7 24. Nb5 Ba6 25. Qa4 Bxb5 26. Qxb5 Rd7 27. Bc3
Nc5 28. Rxd7 Qxd7 29. Qxd7 Nxd7 30. Bd4 Ra8 31. Rc7 Rd8 32. Rxa7 Kf8 33. Rb7
Ke8 34. Bxb6 Rc8 35. Bd4 Rc2 36. Rb5 Nf8 37. Rxf5 Ne6 38. Re5 Kd7 39. Kg2 h6
40. Rxe4 h5 41. Re5 1-0

[Event "Int. Meisterturnier Sindelfingen 1984"]
[Site "Sindelfingen"]
[Date "1984.11.01"]
[Round "12"]
[White "Pachman, Ludek"]
[Black "Duche, Jean"]
[Result "0-1"]
[WhiteElo "2430"]
[BlackElo "2200"]
[PlyCount "116"]
[EventDate "1984.??.??"]
[EventType "tourn"]

1. Nf3 Nf6 2. c4 d5 3. cxd5 Nxd5 4. d4 g6 5. e4 Nb6 6. h3 Bg7 7. Nc3 O-O 8. Be2
Nc6 9. Be3 Na5 10. Qc2 Nac4 11. Bf4 c6 12. Rd1 Qe8 13. b3 e5 14. Bc1 exd4 15.
Nxd4 Nd6 16. O-O Qe5 17. Be3 Re8 18. f4 Qa5 19. Bf2 Bd7 20. e5 Nf5 21. Nf3 Ne7
22. Bc4 Bf5 23. Bxb6 axb6 24. Bd3 Red8 25. Bxf5 Nxf5 26. Rxd8+ Rxd8 27. Rd1
Qc5+ 28. Qf2 Rxd1+ 29. Nxd1 Qc1 30. Qd2 Qxd2 31. Nxd2 Bh6 32. Nc4 Bxf4 33. g4
Ne7 34. a4 Nd5 35. Kf2 Kf8 36. Kf3 Bh2 37. Ke4 Ke7 38. a5 b5 39. Nd6 Bxe5 40.
Nxb7 Bb8 41. Nf2 Nb4 42. Nd3 Nxd3 43. Kxd3 Ba7 44. Ke4 f6 45. a6 Kd7 46. h4 Kc7
47. h5 Bb6 48. b4 Kb8 49. Nd6 Bc7 50. Nf7 Ka7 51. h6 Kxa6 52. g5 f5+ 53. Kd4
Kb6 54. Nh8 Bf4 55. Nxg6 Bxg5 56. Ne5 Bxh6 57. Nd7+ Kc7 58. Nf6 Bg7 0-1

[Event "Int. Meisterturnier Sindelfingen 1984"]
[Site "Sindelfingen"]
[Date "1984.11.01"]
[Round "12"]
[White "Lau, Ralf"]
[Black "Gutman, Lev"]
[Result "1-0"]
[WhiteElo "2400"]
[BlackElo "2485"]
[PlyCount "71"]
[EventDate "1984.??.??"]
[EventType "tourn"]

1. e4 c5 2. Nf3 d6 3. d4 cxd4 4. Nxd4 Nf6 5. Nc3 a6 6. a4 e5 7. Nf3 Be7 8. Bg5
Be6 9. Bxf6 Bxf6 10. Nd5 Nc6 11. Bc4 Rc8 12. Ba2 Ne7 13. O-O Nxd5 14. Bxd5 Qd7
15. Ba2 O-O 16. Qd3 Rfd8 17. Rfd1 Bxa2 18. Rxa2 d5 19. exd5 Rc5 20. Raa1 Qg4
21. Qb3 e4 22. Ne1 Qd7 23. c4 Qc7 24. Nc2 Be5 25. g3 Rd6 26. Ne3 f5 27. Nxf5
Rf6 28. Ne3 Rf3 29. Qc2 Rxe3 30. fxe3 Rxc4 31. Qf2 Bd6 32. Rd2 h6 33. Kg2 Qb6
34. Rf1 Rxa4 35. Rc2 Bc5 36. Qf7+ 1-0

[Event "Int. Meisterturnier Sindelfingen 1984"]
[Site "Sindelfingen"]
[Date "1984.11.01"]
[Round "12"]
[White "Ostermeyer, Peter"]
[Black "Chevaldonnet, Francois"]
[Result "1/2-1/2"]
[WhiteElo "2470"]
[BlackElo "2350"]
[PlyCount "145"]
[EventDate "1984.??.??"]
[EventType "tourn"]

1. d4 Nf6 2. c4 g6 3. Nc3 Bg7 4. e4 d6 5. Bd3 O-O 6. Nge2 c5 7. d5 e6 8. O-O
exd5 9. cxd5 Na6 10. Ng3 Nc7 11. h3 Rb8 12. a4 a6 13. a5 b5 14. axb6 Rxb6 15.
Ra2 Bd7 16. Re1 Re8 17. Bg5 Qb8 18. Re2 Rb4 19. Qc1 Qb6 20. Bd2 h5 21. Nf1 Rb8
22. Ne3 Rd4 23. Nc4 Qa7 24. Qc2 Nb5 25. Be3 Nxc3 26. bxc3 Rxd3 27. Qxd3 Bb5 28.
Reb2 Nd7 29. Rxb5 Rxb5 30. Nxd6 Rb3 31. g3 a5 32. Kg2 Qb6 33. Nc4 Qb8 34. Bd2
Ne5 35. Nxe5 Bxe5 36. f4 Bc7 37. e5 Rb2 38. Rxb2 Qxb2 39. d6 c4 40. Qd5 Bb6 41.
d7 Bd8 42. g4 hxg4 43. hxg4 Qc2 44. e6 fxe6 45. Qxe6+ Kg7 46. Qe5+ Kh7 47. Qd5
Kg7 48. f5 gxf5 49. gxf5 a4 50. Qe5+ Kh7 51. Qh2+ Kg8 52. Qg3+ Kh8 53. Qf4 a3
54. Qh6+ Kg8 55. Qe6+ Kh8 56. Qe8+ Kh7 57. Qf7+ Kh8 58. Qf8+ Kh7 59. Qxd8 Qxd2+
60. Kf3 Qxc3+ 61. Ke4 Qe1+ 62. Kd5 a2 63. Qc7 Qd2+ 64. Kc6 Qh6+ 65. Kb5 a1=Q
66. d8=Q+ Qag7 67. Qxg7+ Qxg7 68. Qh4+ Qh6 69. Qe7+ Kg8 70. f6 Qf8 71. Qe6+ Qf7
72. Qg4+ Kf8 73. Qc8+ 1/2-1/2

[Event "Int. Meisterturnier Sindelfingen 1984"]
[Site "Sindelfingen"]
[Date "1984.11.03"]
[Round "13"]
[White "Chevaldonnet, Francois"]
[Black "Cladouras, Panagiotis"]
[Result "1/2-1/2"]
[WhiteElo "2350"]
[BlackElo "2295"]
[PlyCount "100"]
[EventDate "1984.??.??"]
[EventType "tourn"]

1. e4 e5 2. Nf3 Nc6 3. Bb5 a6 4. Bxc6 dxc6 5. O-O Qd6 6. d3 Ne7 7. Be3 Ng6 8.
Nbd2 Be7 9. Qe2 c5 10. a4 O-O 11. Rfd1 Rd8 12. h3 f6 13. b3 Nf8 14. Nc4 Qc6 15.
Bc1 Ne6 16. Ne3 Nf4 17. Qe1 Be6 18. Nf1 g5 19. N3h2 h5 20. Qe3 Kf7 21. Qf3 Rh8
22. Ng3 Rag8 23. Nf5 Bxf5 24. exf5 Qxf3 25. Nxf3 g4 26. Nh4 gxh3 27. g3 Ne2+
28. Kh2 Nd4 29. Ra2 b6 30. Be3 Rd8 31. Bxd4 Rxd4 32. Re1 b5 33. axb5 axb5 34.
Kxh3 c4 35. bxc4 bxc4 36. Re4 Bc5 37. Rxd4 Bxd4 38. Kg2 cxd3 39. cxd3 Rb8 40.
Kf3 Rb4 41. Ke2 Bb6 42. Kf3 Ke7 43. Ng2 Rd4 44. Ra3 Kd6 45. Ne3 Bc5 46. Rc3 h4
47. Nc4+ Kd5 48. Ne3+ Kd6 49. Nc4+ Kd5 50. Ne3+ Kd6 1/2-1/2

[Event "Int. Meisterturnier Sindelfingen 1984"]
[Site "Sindelfingen"]
[Date "1984.11.03"]
[Round "13"]
[White "Gutman, Lev"]
[Black "Ostermeyer, Peter"]
[Result "1/2-1/2"]
[WhiteElo "2485"]
[BlackElo "2470"]
[PlyCount "82"]
[EventDate "1984.??.??"]
[EventType "tourn"]

1. d4 Nf6 2. c4 e6 3. Nc3 Bb4 4. a3 Bxc3+ 5. bxc3 b6 6. f3 Ba6 7. e4 d5 8. Bg5
Bxc4 9. Bxc4 dxc4 10. Qa4+ Qd7 11. Qxc4 Nc6 12. Ne2 Na5 13. Qd3 Qa4 14. O-O Nd7
15. f4 f6 16. Bh4 Qc4 17. Qf3 O-O 18. e5 fxe5 19. Be7 e4 20. Qxe4 Rfe8 21. Bh4
e5 22. Qf3 Nb3 23. Rad1 exd4 24. Nxd4 Nxd4 25. Rxd4 Qf7 26. Qc6 Nc5 27. f5 Rac8
28. g4 Re2 29. Rfd1 Rce8 30. Rd8 h6 31. Bf2 Qe7 32. Rxe8+ Qxe8 33. Qxe8+ Rxe8
34. Kg2 Ne4 35. h4 Kf7 36. Be1 Nd6 37. Kf3 h5 38. Bg3 hxg4+ 39. Kxg4 Re3 40.
Bxd6 cxd6 41. Rxd6 Rxc3 1/2-1/2

[Event "Int. Meisterturnier Sindelfingen 1984"]
[Site "Sindelfingen"]
[Date "1984.11.03"]
[Round "13"]
[White "Duche, Jean"]
[Black "Rocher, Olivier"]
[Result "1-0"]
[WhiteElo "2200"]
[BlackElo "2260"]
[PlyCount "83"]
[EventDate "1984.??.??"]
[EventType "tourn"]

1. b3 e5 2. Bb2 d6 3. e3 g6 4. f4 Bg7 5. Nf3 Nd7 6. Na3 Ne7 7. fxe5 Nxe5 8.
Nxe5 dxe5 9. Be2 Nf5 10. O-O O-O 11. Nc4 Re8 12. a4 Bd7 13. e4 Nd4 14. Ne3 Be6
15. Bc4 h5 16. Rf2 Bxc4 17. Nxc4 Qd7 18. d3 Rad8 19. Bc1 Re6 20. Be3 Bf8 21.
Qd2 f6 22. Raf1 Be7 23. Bxd4 Qxd4 24. Qh6 g5 25. Kh1 h4 26. Qg6+ Kh8 27. g3 h3
28. Qh6+ Kg8 29. Qxh3 Qd7 30. Rf3 Kg7 31. Qg4 Rc6 32. Rf5 Qe6 33. Kg2 Rh8 34.
h4 Kf8 35. Qxg5 Ke8 36. Qe3 a6 37. Qa7 Kd7 38. Qxb7 Rg8 39. R1f2 Bd8 40. Na5
Rb6 41. Qd5+ Qxd5 42. exd5 1-0

[Event "Int. Meisterturnier Sindelfingen 1984"]
[Site "Sindelfingen"]
[Date "1984.11.03"]
[Round "13"]
[White "Weill, Roland"]
[Black "Pachman, Ludek"]
[Result "1/2-1/2"]
[WhiteElo "2245"]
[BlackElo "2430"]
[PlyCount "107"]
[EventDate "1984.??.??"]
[EventType "tourn"]

1. e4 c5 2. Nf3 Nc6 3. Bb5 d6 4. O-O Bd7 5. Re1 Nf6 6. c3 a6 7. Bxc6 Bxc6 8. d4
Bxe4 9. Bg5 d5 10. dxc5 e6 11. b4 Be7 12. Qa4+ Qd7 13. Qxd7+ Nxd7 14. Bxe7 Kxe7
15. Nbd2 Bxf3 16. Nxf3 b6 17. Rad1 bxc5 18. Rxd5 Rhc8 19. Rd3 Rab8 20. a3 Nb6
21. Ne5 f6 22. Ng4 Nc4 23. Ne3 Nxa3 24. Ra1 cxb4 25. cxb4 Nb5 26. Rxa6 Rc1+ 27.
Rd1 Rxd1+ 28. Nxd1 Nd4 29. Ra7+ Kf8 30. h3 Rxb4 31. Nc3 Rc4 32. Na2 h5 33. h4
e5 34. Ra3 Kf7 35. g3 g5 36. hxg5 fxg5 37. Kf1 Rc2 38. Ra6 g4 39. Ke1 Nf3+ 40.
Kf1 Kg7 41. Ra3 Nd2+ 42. Ke1 Nf3+ 43. Kf1 e4 44. Ra7+ Kf6 45. Ra3 Ke5 46. Ra4
Kd6 47. Ra5 Kc7 48. Ra3 Kb6 49. Ra6+ Kb5 50. Ra8 e3 51. fxe3 h4 52. gxh4 g3 53.
Nc3+ Rxc3 54. Kg2 1/2-1/2

[Event "Int. Meisterturnier Sindelfingen 1984"]
[Site "Sindelfingen"]
[Date "1984.11.03"]
[Round "13"]
[White "Sieglen, Joachim"]
[Black "Berg, Klaus"]
[Result "1/2-1/2"]
[WhiteElo "2260"]
[BlackElo "2375"]
[PlyCount "27"]
[EventDate "1984.??.??"]
[EventType "tourn"]

1. d4 Nf6 2. c4 c5 3. d5 b5 4. cxb5 a6 5. bxa6 g6 6. Nc3 Bxa6 7. g3 d6 8. Bg2
Nbd7 9. Nf3 Bg7 10. O-O Nb6 11. Rb1 Bc4 12. Nd2 Bxa2 13. Nxa2 Rxa2 14. Qb3
1/2-1/2